LEADER 01462nam--2200421---450- 001 990000962410203316 005 20100609152736.0 010 $a3-428-06678-2 035 $a0096241 035 $aUSA010096241 035 $a(ALEPH)000096241USA01 035 $a0096241 100 $a20020215d1989----km-y0itay0103----ba 101 $ager 102 $aDE 105 $a||||||||001yy 200 1 $aDeutsche Staatsangehörigkeit in deutschlandrechtlicher Perspektive$fvon Kerl Thedieck 210 $aBerlin$cDuncker & Humblot$dc1989 215 $a197 p$d24 cm 225 2 $aSchriften zum Öffentlichen Recht$v563 410 $aSchriften zum Öffentlichen Recht$12001$v536 606 0 $aCittadinanza$yGermania occidentale 676 $a342.43083 700 1$aTHEDIECK,$bKarl$0238920 801 0$aIT$bsalbc$gISBD 912 $a990000962410203316 951 $aXXIV.1. Coll. 1/ 155 (COLL. AVO 563)$b67814 EC$cXXIV.1. Coll. 1/ 155 (COLL. AVO)$d00270580 959 $aBK 969 $aGIU 979 $aPATTY$b90$c20020215$lUSA01$h0931 979 $c20020403$lUSA01$h1738 979 $aPATRY$b90$c20040406$lUSA01$h1706 979 $aFIORELLA$b90$c20071004$lUSA01$h1219 979 $aRSIAV4$b90$c20100609$lUSA01$h1527 979 $aCHIARA$b90$c20120517$lUSA01$h0928 979 $aCHIARA$b90$c20120517$lUSA01$h0928 996 $aDeutsche Staatsangehörigkeit in deutschlandrechtlicher Perspektive$9972762 997 $aUNISA LEADER 01963nam 2200577Ia 450 001 9910456703003321 005 20200520144314.0 010 $a1-282-46885-5 010 $a9786612468858 010 $a1-55936-613-3 035 $a(CKB)2520000000008898 035 $a(EBL)478909 035 $a(OCoLC)609854470 035 $a(SSID)ssj0000360053 035 $a(PQKBManifestationID)11925441 035 $a(PQKBTitleCode)TC0000360053 035 $a(PQKBWorkID)10317096 035 $a(PQKB)11460216 035 $a(MiAaPQ)EBC478909 035 $a(Au-PeEL)EBL478909 035 $a(CaPaEBR)ebr10364631 035 $a(EXLCZ)992520000000008898 100 $a20090318d2009 uy 0 101 0 $aeng 135 $aur|n|---||||| 181 $ctxt 182 $cc 183 $acr 200 14$aThe fever chart$b[electronic resource] $ethree visions of the Middle East, with One short sleepe /$fNaomi Wallace 205 $a1st ed. 210 $aNew York $cTheatre Communications Group$d2009 215 $a1 online resource (97 p.) 300 $aDescription based upon print version of record. 311 $a1-55936-337-1 327 $aContents; The Fever Chart: Three Visions of the Middle East; Production History; Characters; Vision One - A State of Innocence; Vision Two - Between This Breath and You; Vision Three - The Retreating World; One Short Sleepe - A Ten-Minute Play; Further Reading; Naomi Wallace 330 $aHaunting tales of love, life, and death in today's Middle East 606 $aJewish-Arab relations$vDrama 607 $aMiddle East$vDrama 608 $aElectronic books. 615 0$aJewish-Arab relations 676 $a812.54 676 $a812/.54 700 $aWallace$b Naomi$0921717 701 2$aWallace$b Naomi$0921717 801 0$bMiAaPQ 801 1$bMiAaPQ 801 2$bMiAaPQ 906 $aBOOK 912 $a9910456703003321 996 $aThe fever chart$92281536 997 $aUNINA